| 000 | 00370nam a2200109Ia 4500 | ||
|---|---|---|---|
| 008 | 160909s9999 xx 000 0 und d | ||
| 100 | _aDillingham, Anna | ||
| 245 | _aHappily Ever After: The Resolution of Trauma in Fairy Tales | ||
| 260 |
_bPacifica Graduate Institute. _c2016 |
||
| 650 | _aPSYCHOLOGY | ||
| 856 | _uhttp://pqdtopen.proquest.com/doc/1774020094.html?FMT=ABS | ||
| 999 |
_c304060 _d304060 |
||